=LDR 00000nam 2200000 4500 =001 NUTBA000000000004726 =005 20140925094015.0 =006 =007 =008 =035 ##$$a 0010-091400000000759 =040 ##$$a NBPDMAT =090 ##$$a 540.7 6 $b Tha k =100 ##$$a Thamrin =245 ##$$a Kimia untuk SMA/MA kelas XI semester I/ $c Thamrin, Supriyono, Eti Marfuah; editor, Agus W =260 ##$$a Surakarta : $b Hasan Pratama, $c [ 20..? ] =300 ##$$a 64 hlm. : $b ilus. ; $c 26 cm. =650 ##$$a Kimia SMA - Ujian, Soal dsb. =700 ##$$a Eti Marfuah =850 ##$$a NBPDMAT =990 ##$$a 21410937